000 00362nam a2200133Ia 4500
008 140316s9999 xx 000 0 und d
082 _aICAR/IARI
_bAR/2009-10
100 _aICAR
245 _aAnnual Report:2009-10
260 _aNew Delhi
_bIndian Council of Agricultural Research
_c2010
300 _a193P
650 _aAgricultural Research
942 _2ddc
_cREF
999 _c24154
_d24154